Final Fantasy Characters by Weapons Quiz Stats

 Plays Quiz not verified by Sporcle

Score 0/20 Timer 07:00
1 Play Today
Weapons Character % Correct
Motor Drive, Work Glove, PowersoulTifa
69.8%
Diamond Pin, Behemoth Horn, Limited MoonRed XIII
68.9%
Revolver, Shear Trigger, PunishmentSquall
67%
The Ogre, Sargatanas, The TowerZidane
66.4%
Magic Racket, Tiger Racket, Whale WhiskerGarnet
64.8%
Partisan, Obelisk, Dragon's HairFreya
63.9%
Multina Racket, Priest's Racket, HamelinEiko
63.7%
Lariat, Peacemaker, OutsiderVincent
61.8%
Maverick, Gauntlet, EhrgeizZell
61.3%
Boomerang, Superball, OritsuruYuffie
58.1%
Weapons Character % Correct
Cypress Pile, Octagon Rod, Mace of ZeusVivi
57%
Chainsaw, Microlaser, Pile BangerBarret
55.4%
Pinwheel, Valkyrie, CardinalRinoa
55.1%
Valiant, Ulysses, BismarckIrvine
46.3%
Morning Star, Crescent Wish, Strange VisionSelphie
45.8%
Infinity, Survivor, SonarRikku
27.7%
Hrunting, Vendetta, Danse MacabreTidus
27.6%
Painkiller, Corruptor, Peaceful SlumberAuron
22.9%
Heavenly Axis, El Dorado, ImpasseYuna
21.4%
Chariot, Prospector, Rock BusterKimahri
14.8%

You're not logged in!

Compare scores with friends on all Sporcle quizzes.
OR
Log In

Show Comments

Extras

Top Quizzes Today


Score Distribution

Your Account Isn't Verified!

In order to create a playlist on Sporcle, you need to verify the email address you used during registration. Go to your Sporcle Settings to finish the process.

Report this User

Report this user for behavior that violates our Community Guidelines.

Details: